Statistics for US cities multiple choice quiz

Click here to take the quiz!

General Stats

  • This quiz has been taken 24 times
  • The average score is 11 of 15

Answer Stats

QuestionAnswer% Correct
What is the third most populated City the United States?Chicago
95%
What does D.C. stand for?District of Colombia
89%
Which of the following Cities is located in Texas?Fort Worth
89%
Which of the following Cities is not in Utah?Grand Junction
89%
What is the most populated city in Hawaii?Honolulu
89%
Which of the following Cities is not on one of the Great Lakes?Akron
84%
What State is Panama City in?Florida
84%
What is the Capital City of Michigan?Lansing
84%
Which of the following Cities is not in Connecticut?Montpelier
84%
What is the capital of Pennsylvania?Harrisburg
79%
Which City was never the capital of the United States?Boston
74%
What is the most populated City in the Florida Keys?Key West
63%
What is the most populated city in Florida?Jacksonville
58%
What is the Northernmost City in the United States?Utqiagvik
53%
What is the least populated City of the following?Indianapolis
16%

Score Distribution

Percentile by Number Answered

Percent of People with Each Score

Your Score History

You have not taken this quiz